WWII Quiz - The Basics - Statistics

General Stats
  • This quiz has been taken 202 times
  • The average score is 9 of 15
Answer Stats
Question Answer % Correct
Who ruled Germany? Adolf H
100%
Which is part of the allies during ww2 Canada
89%
Who is won Africa? Allies
84%
Who was the founder of "fascism" or "Nationalism" (Right Side Of Politics) Benito Mussolini
84%
What change the course of the Pacific War ww2 (USA v Japan) The Battle Of Midway
82%
what does FDR stand for? Franklin Delano Roosevelt
76%
Did Japan Take over Australia No
76%
Who Took Part In the D-Day Landings? UK, Canada and the USA
76%
Did the UK win the battle of Britain Yes!
71%
Did Stalin, Trotsky, Lenin, Hitler and the Austrian Royal Family all live in Vienna at the same time once? Yes!
62%
Did Japan get naval invaded? Nuke em'
40%
True Statements that China did Abandoned Nanjing and flooded cities to stop the swift Japanese advance
38%
Was China "fascist"/"Nationalist" True
29%
Did the UK have the biggest navy? Uk!!!!!!!
24%
Did Japan did the pearl harbour thing to fight USA No, well they didn't want to anyways
4%
No matching quizzes found
Score Distribution
Percent of People with Each Score
Percentile by Number Answered
Your Score History
You have not taken this quiz